000 02496nam a2200409 c 4500
003 BLK
005 20200204104824.0
008 180408b bul|||||r ||||||| ||bul||
010 _aKNG00054584000
020 _a978-954-8692-20-5
_bиздат.: Аквариус
040 _aBLK
041 _aBUL
_cBUL
080 _aПсихология на детската възраст. Интелектуално развитие на децата. Психически особености. Детски представи, описани в разкази
_b159.922.7
_x
_z159.922.7
080 _aВъзпитание, образование и обучение на специални групи и лица. Дефектология
_b376
_x.03
_z376.03
080 _aВъзпитание у дома. Семейно възпитание
_b37.018.1
_x
_z37.018.1
080 _aПарапсихология. Нумерология. - Халюцинации, пророчества, предсказания, магии, демонология, телепатия, спиритизъм, илюзии, нумерология, мошеничество. Вж и 133 ; 398.4 ; 615.851
_b159.961
_x
_z159.961
100 1 _aХеенкамп, Каролина
_eпърви автор
_9136627
700 1 _aЕвстатиева, Здравка Георгиева
_eпрев. от нем.
_9365748
139 _aХеенкамп, Каролина
_bХ 38
245 1 0 _aДецата на новото хилядолетие
_bМалка енцикл. за леко и пълноценно общуване с децата-индиго
_cКаролина Хеенкамп; прев. от нем. Здравка Георгиева Евстатиева.
257 _aNLD
260 София
_bАквариус
_c2010
300 _a347 с.
_bс ил.
_c20 см
380 _a1
500 _aОриг. загл. Der Indigo-Ratgeber / Carolina Hehenkamp. - 1. изд. 2004. в 2 т. - Речник. - Библиогр. с. 346-347.
650 4 _aДетска и педагогическа психология
_9244538
650 4 _aСемейно възпитание
_9263959
650 4 _aПарапсихология
_9165687
653 _aпсихология на личността
653 _aпарапсихология
653 _aдетска психология
852 _aЦб 254282
856 4 _qpdf
_u
856 4 _qpdf
_u
942 _cKNG
_n0
_03
944 _aCR
_c06.01.2012
_kГеновева_Генчева
944 _aED
_c03.02.2012
_k
999 _c50708
_d50708